000 00323nam a22001217a 4500
020 _a9780074515754
082 _222
_a621.3119
100 _aDeshpande, M. V.
245 _aElectrical power system design /
260 _aNew Delhi,
_bTata McGraw Hill,
_cc2007.
300 _axii, 362 p. ;
_bill. ;
_c21 cm.
942 _2ddc
_cEE
_01
999 _c1936
_d1936